Víctimas del alcohol : (Record no. 190941)
[ view plain ]
| 000 -CABECERA | |
|---|---|
| campo de control de longitud fija | 01348nam a2200229 u 4500 |
| 005 - FECHA Y HORA DE LA ÚLTIMA TRANSACCIÓN | |
| campo de control | 20221027063411.0 |
| 008 - ELEMENTOS DE LONGITUD FIJA--INFORMACIÓN GENERAL | |
| campo de control de longitud fija | 170616s1984 r 000 0 eng d |
| 035 ## - NÚMERO DE CONTROL DEL SISTEMA | |
| Número de control de sistema | UPN01000218841 |
| 049 ## - COLECCIÓN | |
| Colección | AV |
| 099 ## - CLASIFICACIÓN LOCAL | |
| Clasificación local | DVD RC 154 |
| 245 00 - MENCIÓN DE TÍTULO | |
| Título | Víctimas del alcohol : |
| Resto del título | el alcoholismo es una enfermedad familiar / |
| 260 ## - PUBLICACIÓN, DISTRIBUCIÓN, ETC. | |
| Lugar de publicación, distribución, etc. | Canadá : |
| Nombre del editor, distribuidor, etc. | The National Film Board North West Studio, |
| Fecha de publicación, distribución, etc. | 1984. |
| 300 ## - DESCRIPCIÓN FÍSICA | |
| Extensión | 1 DVD (18 min.) : |
| Otras características físicas | son., col. ; |
| Dimensiones | 4 3/4 plg. |
| 440 #0 - MENCIÓN DE SERIE/ASIENTO SECUNDARIO--TÍTULO | |
| Título | Ideas educativas |
| 520 ## - NOTA DE RESUMEN, ETC. | |
| Sumario, etc. | El alcoholismo es un problema que afecta toda la familia, en algunos casos llega a crear confusión en los hijos, haciéndolos sentir como culpables de lo que está sucediendo. Creándoles sufrimiento y temor de estar en casa, se vuelve parte de sus vidas. Vea cómo es posible que los hijos hagan esta culpa a un lado y cómo los padres tienen que afrontar este problema. También da elementos para comprender por qué este problema no es de nadie, mas que de las personas que lo padecen; únicamente ellos pueden ponerle un alto. Es un proceso que se tiene que llevar paso a paso, un día a la vez. |
| 534 ## - NOTA SOBRE LA VERSIÓN ORIGINAL | |
| Frase introductoria | Título original: |
| Mención de título del original | Children of alcohol |
| 500 ## - NOTA GENERAL | |
| Nota general | Multiregión |
| 650 #4 - ASIENTO SECUNDARIO DE MATERIA - TERMINO TEMATICO | |
| Término de materia o nombre geográfico como elemento de entrada | ALCOHOLICOS - |
| Subdivisión general | RELACIONES FAMILIARES |
| 9 (RLIN) | 2119 |
| 650 #7 - ASIENTO SECUNDARIO DE MATERIA - TERMINO TEMATICO | |
| Término de materia o nombre geográfico como elemento de entrada | Alcoholismo |
| Subdivisión general | Aspectos psicológicos |
| Fuente del encabezamiento o término | |
| 9 (RLIN) | 13692 |
| 905 ## - TIPO DE MATERIAL | |
| Tipo de material | Audiovisuales |
| Estado de retiro | Estado de pérdida | Fuente del sistema de clasificación o colocación | Estado dañado | No para préstamo | Código de colección | Localización permanente | Ubicación/localización actual | Ubicación en estantería | Total de préstamos | Clasificación | Código de barras | Fecha visto por última vez | Número de copia | Tipo de ítem Koha |
|---|---|---|---|---|---|---|---|---|---|---|---|---|---|---|
| Library of Congress Classification | Audiovisuales | Bib. Gregorio Torres Quintero | Bib. Gregorio Torres Quintero | Audiovisual | DVD RC 154 | 258451 | 31/12/2020 | 1 | Formato Digital |
